[Event "Zuerich op-A 29th"]
[Site "Zuerich"]
[Date "2005.12.28"]
[Round "4"]
[White "Golod, Vitali"]
[Black "Solleveld, Maarten"]
[Result "1/2-1/2"]
[WhiteElo "2578"]
[BlackElo "2463"]
[Annotator "Golod,V"]
[PlyCount "138"]
[EventDate "2005.12.26"]
[EventType "swiss"]
[EventRounds "7"]
[EventCountry "SUI"]
[SourceTitle "CBM 110 Extra"]
[Source "ChessBase"]
[SourceDate "2006.03.10"]
[SourceVersion "2"]
[SourceVersionDate "2006.03.10"]
[SourceQuality "1"]

1. d4 Nf6 2. c4 e6 {This was a big surprise for me. I was preparing to play
against the King's indian.} 3. Nc3 Bb4 4. Qc2 c5 5. dxc5 O-O 6. a3 Bxc5 7. Nf3
b6 8. Bg5 ({In previous games, before this one, I usually played:} 8. Bf4 $5)
8... h6 9. Bh4 Bb7 10. Rd1 Be7 11. e3 Nc6 {/\Rc8,Na5 קc4} ({Most common in
this position was:} 11... d6 $5 {/\a6,Nbd7}) ({and} 11... a6 $5) 12. Be2 {
I simply finish development, as I have a defensive move on move 14.} Rc8 13.
O-O Na5 14. Ne5 $1 d6 $140 15. b4 Qe8 $1 {Other continuations were obviously
good for White:} (15... Qc7 $4 16. Nb5 $1 Qb8 17. Bxf6 Bxf6 18. Nd7 $18) (15...
Nc6 $6 16. Nxc6 Bxc6 17. Bg3 $14 {()}) 16. bxa5 $146 {It's interesting that
this logical recapture is a novelty.} (16. Ng6 $143 fxg6 17. bxa5 bxa5 18. f4
Qc6 (18... Ba6 $5) (18... d5 $5) 19. Rf3 g5 20. fxg5 Ne4 21. Nxe4 Qxe4 22. Qxe4
Bxe4 23. Rxf8+ Rxf8 $11 {Kalesis,N-Graf,A/Aegina,1996(0-1)(53)}) 16... dxe5 17.
axb6 axb6 18. Qb1 $1 {After a long thought, I chose a good spot for my queen's
retreat.} (18. Qb2 $6 Qc6 $1 19. Bf3 $140 (19. f3 $2 Bc5 20. Bf2 Ng4 $36 {
[%csl Gb7,Gc6,Rg2]}) 19... Qxc4 20. Bxb7 Qxc3 21. Qxb6 Rc4 {ץh4,Pa3} 22. Bxf6
Bxf6 23. Qa6 Qc2 $11) (18. Bxf6 $143 Bxf6 (18... gxf6 $5) 19. Ne4 Bxe4 (19...
Be7 20. Nd6 Bxd6 21. Rxd6 Rc6 $11) 20. Qxe4 Qc6 $11) 18... g5 $6 {Not a forced
weakening of the kingside, now Black has to fight for the equality again.} (
18... Bxa3 $142 19. Qxb6 Qc6 (19... Bc6 $6 20. Qa5 $1 {ץa3,Pe5}) 20. Qxc6 Bxc6
21. Nb5 Bc5 22. Bg3 Nd7 $11) 19. Bg3 $140 Qc6 20. Bf3 $1 (20. f3 $2 Ng4 {
קg2,Pe3} 21. Rd3 Bc5 22. Nd1 f5 $36) 20... e4 21. Be2 $14 {/^ b8-h2 Now my
bishop on "g3" came alive!} Bxa3 $2 {This is simply a tactical mistake.} 22.
Nb5 {[%csl Ra3,Rc6,Rc8][%cal Gb5a3,Gb5a7]} Be7 ({The following move, loses the
game immediately:} 22... Ra8 $4 23. Nxa3 Rxa3 24. Qb2 $1 $18 {[%csl Ra3,Rf6]})
23. Na7 $16 Qc5 24. Nxc8 Rxc8 25. Qb2 $5 {My threat is "Be5" with the idea to
grasp /^a1-h8.} Qc6 $140 26. Bd6 $1 {[%csl Gb2,Rf6] With the chance, I
exchange pieces, while getting to my opponent's king.} Bxd6 27. Qxf6 Bf8 28.
Rd8 {/\Bh5} Rxd8 29. Qxd8 Ba6 $1 {Black has a very imaginative defense.} (29...
Kg7 $143 30. Rd1 {/\Rd7 +/-}) 30. h4 $6 {I decided to get to my opponent's
king.} ({On:} 30. Ra1 $2 {Maarten prepared:} Bxc4 $1 31. Ra8 $140 Qxa8 $8 32.
Qxa8 Bxe2 33. Qxe4 b5 {I can't win this endgame}) (30. Rc1 $142 $16) 30... gxh4
31. Ra1 Bxc4 32. Bxc4 ({Again, upon:} 32. Ra8 $2 {this leads to salvation:}
Qxa8 $1 {[]} 33. Qxa8 Bxe2 34. Qxe4 h3 35. gxh3 b5 $11) 32... Qxc4 33. Ra8 Qb4
$6 (33... Qc1+ $142 $1 34. Kh2 Qc5 35. Qxh4 Kg7 36. Qxe4 Qh5+ 37. Kg3 (37. Kg1
Qd1+ 38. Kh2 Qh5+) 37... Bd6+ 38. f4 Be7 39. Qe5+ (39. Kf2 Qh1 $132) 39... Qxe5
40. fxe5 Bc5 41. Kf4 Kg6 $14) 34. Qf6 $5 {I made this move without calculating
any variations, only on general thoughts.} ({This was also good:} 34. Qxh4 $5
Kg7 (34... Kh7 $2 35. Qf6 Qe7 (35... Kg8 36. Ra7 $18 {קf7}) 36. Qxe7 Bxe7 37.
Ra7 Bc5 38. Rxf7+ Kg6 39. Rf4 $18 {קe4}) 35. Qg3+ Kf6 36. Qf4+ Kg6 37. Qe5 $1
$16) 34... b5 35. Rd8 $2 {/\Rd7 קf7 This inaccuracy loses all of my advantage.
} (35. Ra7 $2 Qe1+ 36. Kh2 Bd6+ 37. Kh3 (37. g3 $2 hxg3+ 38. Kg2 Qxf2+ 39. Qxf2
gxf2 40. Kxf2 b4 $19) 37... Qh1+ 38. Kg4 Qxg2+ 39. Kxh4 (39. Kh5 $2 Qg5+ 40.
Qxg5+ hxg5 $19) 39... Qh2+ (39... Qg7 $5) 40. Kg4 Qg1+ 41. Kh5 $15) (35. Qxh6
$1 Qe7 36. Qh5 b4 37. Qg4+ Kh7 38. Qxe4+ Kh6 39. Rb8 $16) 35... Qc5 $1 36. Qxh4
(36. Rd7 Qh5 (36... Qf5 $2 37. Rxf7 Qxf6 38. Rxf6 $16) 37. Qf4 h3 $11) (36.
Qxh6 $4 Qc1+ 37. Kh2 Qc7+) 36... Qg5 $1 {Now I am forced to exchange Queens
and go to a drawn endgame.} 37. Qxg5+ hxg5 38. g4 $1 $11 b4 39. Rd4 Bc5 $2 {
My opponent miscalculated, he thought I couldn't take on "e4".} (39... b3 $143
40. Rd8 {[%csl Rb3][%cal Yb8b3,Yd8b8]}) (39... f5 $2 40. gxf5 exf5 41. Rd5 {
קf5,Pg5}) (39... Kh7 40. Rxe4 b3 41. Re5 b2 42. Rb5 Bg7 $11) 40. Rxe4 {+/=/+/-
} b3 41. Ra4 $8 b2 42. Ra8+ Kg7 43. Rb8 {I have the time to stop the "b2" pawn.
} Ba3 44. Rb7 (44. Kf1 $5 f5 $140 45. f3 {/\Ke2-d3 and so on.}) 44... Kf6 45.
Kf1 Ke5 46. Ke2 {White's plan is very obvious: get the king closer to "b2" and
gradually try to recapture it.} f5 (46... Ke4 $4 47. Rb5 {[%csl Re4][%cal
Gf2f3]}) 47. Rb5+ Kd6 48. gxf5 $2 {A very bad strategical mistake. The pawn
structure on the kingside should have remained the way it was. After this
exchange, it will be easier for Black to get to my last "e3" and "f2" pawns.} (
48. f3 $1 fxg4 (48... Kc6 $144 49. Rb3) 49. fxg4 Kc6 50. Rb3 {/\Kd3-c2} Kd6 51.
Kd2 Ke5 52. Kc2 Be7 (52... Bc5 53. Rb5 $1 Kd6 (53... b1=Q+ 54. Kxb1 Kd6 55. e4
$16) 54. Kd3 Ba3 55. e4 $16) 53. Kd3 Ba3 54. Rb5+ Kd6 55. e4 $16 {[%csl Rb2,
Rg5][%cal Gd3c2]}) 48... exf5 49. Kd3 Kc6 50. Rb8 $6 {Losing a tempo.} (50. Rb3
$142 Kd5 (50... g4 $2 51. Kc2 Bd6 52. Rxb2 $16) 51. Kc2 Bd6 52. Rxb2 Ke4 53.
Kd1 Kf3 54. Ke1 g4 {unfortunately, on a draw:} 55. Rb6 Bc7 56. Rb7 Bd6 57. Rd7
Bb8 58. Rd8 Bc7 59. Rc8 Bd6 60. Rc4 f4 61. exf4 Bxf4 62. Kf1 g3 63. Rc3+ Kg4
64. f3+ Kh3 65. Rc2 Be3 66. Rg2 Bf4 $11) 50... g4 {Now Black doesn't have any
problem getting all of my pawns.} 51. Kc2 Kd5 52. Rb3 Bc5 53. Rxb2 Ke4 54. Kd1
g3 $11 55. fxg3 Kf3 (55... Kxe3 $144 56. Rb5 (56. Rb3+ Kf2 {/\Bd6 קg3}) 56...
Bd6 $11) 56. Rb5 Bxe3 57. Rxf5+ Kxg3 58. Ke2 Bb6 59. Kd3 Ba7 60. Ke4 Bb6 61.
Rf6 Bc5 62. Rg6+ Kf2 63. Rg7 Bb6 64. Rb7 Bc5 65. Rb3 Bd6 66. Rf3+ Kg2 67. Rf6
Bc5 68. Rf5 Bb6 69. Rb5 Bc7 {Afterwards, I finally got my opponent's king to
"h1". In the end, we played another 20 moves or so, and when we each had 2
minutes left on the clock, we agreed to a draw.} 1/2-1/2

[Event "EU-Cup 21st"]
[Site "Saint Vincent"]
[Date "2005.09.22"]
[Round "5.5"]
[White "Golod, Vitali"]
[Black "Nyback, Tomi"]
[Result "1/2-1/2"]
[WhiteElo "2582"]
[BlackElo "2571"]
[Annotator "Golod,V"]
[PlyCount "73"]
[EventDate "2005.09.18"]
[EventType "team-swiss"]
[EventRounds "7"]
[EventCountry "ITA"]
[SourceTitle "CBM 110"]
[Source "ChessBase"]
[SourceDate "2006.01.31"]
[SourceVersion "1"]
[SourceVersionDate "2006.01.31"]
[SourceQuality "1"]
[WhiteTeam "Beer Sheva"]
[BlackTeam "Werder Bremen"]
[WhiteTeamCountry "ISR"]
[BlackTeamCountry "GER"]

1. d4 Nf6 2. c4 e6 3. Nc3 Bb4 4. Qc2 c5 5. dxc5 O-O 6. a3 Bxc5 7. Nf3 b6 8. Bf4
Bb7 9. e3 ({The main alternative is:} 9. Rd1) 9... Nh5 {A novelty, from the
point of view of my games. Before, this was played against me:} (9... Be7) ({
and} 9... Bxf3) 10. Bg3 Be7 $5 ({This was checked up in previous games:} 10...
Bxf3 $6) (10... f5) ({and} 10... h6 $5) 11. Be2 (11. Rd1 {was twice tested in
preceding games.}) 11... g6 $6 $146 {An unsuccessful novelty. Black
irrevocably weakens his king. His dark squared bishop cannot defend both the
weak squares around his king, and the weak square "d6".} (11... h6 12. Rd1 a6
13. Rd2 Nxg3 14. hxg3 d6 (14... f5 $142) 15. Ne4 $1 {קd6; /\g4-g5} Bxe4 (15...
Qc7 $2 16. Neg5 Bxg5 17. Nxg5 Rc8 18. Qh7+ Kf8 19. Nf3 $16) 16. Qxe4 $14 {
Gershon,A-Macieja,B/Bermuda,2003/CBM 094(1-0)(Golod,V)(61)}) 12. Rd1 {/\Bd6 
(><d6)} Nxg3 13. hxg3 $14 {I created a very nasty threat for my opponent: Qd2,
e4 and Qh6->} d6 14. Qd2 {[%csl Rd6,Rh7][%cal Ge3e4,Gd2h6]} Bf6 (14... Nd7 $143
15. Nb5 {קd6}) 15. e4 $1 {I made this move in the most suitable moment.} (15.
Qxd6 $2 Qxd6 16. Rxd6 Bxc3+ 17. bxc3 Na6 $44) 15... Bg7 $140 (15... Bxc3 $2 16.
Qxc3 $140 Bxe4 $2 17. Qe3 $1 {[%csl Re4,Rh7][%cal Ge3h6,Ge3e4]} f5 $140 18. Ng5
$18) 16. e5 $1 d5 (16... Nc6 $143 17. exd6 e5 {/\Nd4} 18. Kf1 Qd7 (18... Nd4 $2
19. Nxd4 exd4 20. Nb5 $16) 19. Qe3 $14) 17. cxd5 exd5 18. Nxd5 (18. Qf4 $144
Nd7 (18... d4 $2 19. Rxd4 Qe7 20. Nd5 Bxd5 21. Rxd5 Nc6 22. Bb5 $16) 19. Nxd5
Re8 {and we get the position from the game.}) 18... Re8 (18... Qxd5 $2 19. Qxd5
Bxd5 20. Rxd5 Nc6 21. Bb5 $16) 19. Qf4 $1 {It seems that Black's position is
falling apart like a house of cards, but for that I had to make my next move
very accurately.} Nd7 (19... Bxd5 $2 20. Bc4 g5 $140 (20... Nc6 $2 21. Bxd5
Nxe5 22. O-O $18 {[%csl Ra8,Rd8,Rf7]}) 21. Qg4 $1 (21. Qf5 $2 Bxc4 22. Rxd8
Rxd8 23. Qxh7+ Kf8 24. Nxg5 Nd7 {עe1 <=>}) (21. Qd4 $2 Nc6 22. Qxd5 Nxe5 (
22... Qxd5 $2 23. Bxd5 Nxe5 24. Bxa8 Nxf3+ 25. Kf1 Rxa8 26. gxf3 Bxb2 27. a4
$16) 23. O-O $11) 21... Qd7 22. Qxd7 Nxd7 23. Bxd5 Rad8 24. Bc6 $16) 20. Ne3 $2
{This move does not create big problems for Black. I rather spent a lot of
time choosing between this and the other three continuations:} (20. Rxh7 $2 {
is refuted by:} Nxe5 $1 (20... Kxh7 $4 21. Ng5+ Kg8 22. Qxf7+ Kh8 23. Qxg6 Nf8
24. Nf6 $1 $18 {[%csl Rh8][%cal Gg5f7,Gg6h5]}) 21. Nxe5 Bxd5 22. Rxg7+ Kxg7 23.
Bf3 g5 24. Qe3 Qf6 25. Rxd5 Rad8 26. Rxd8 (26. Rb5 $143 a6 27. Rxb6 Rxe5 28.
Rxf6 Rxe3+ 29. fxe3 Kxf6 $15) 26... Rxe5 27. Rd2 Rxe3+ 28. fxe3 {=/+/=}) (20.
Nf6+ $1 Bxf6 21. exf6 Qc8 (21... Rxe2+ $6 22. Kxe2 Ba6+ 23. Ke3 $1 (23. Kd2 $2
Nc5+ (23... Rc8 $2 {עd2} 24. Qd6 $1 $16) 24. Ke3 Qe8+ 25. Qe5 (25. Ne5 $2 Qb5
$40) 25... Qa4 $36) 23... Qe8+ 24. Qe4 (24. Kd2 $4 Qe2+ 25. Kc1 Bd3 26. Qc7 Nc5
$19) 24... Nxf6 25. Qxe8+ Rxe8+ 26. Kd4 Ng4 27. Rd2 Rd8+ 28. Kc3 Rxd2 29. Kxd2
Nxf2 30. Rc1 $16) 22. O-O $1 Nxf6 (22... Rxe2 $143 23. Rxd7 {/\Qh6 and Qg7#}
Bxf3 (23... Qxd7 $4 24. Qh6 {[%csl Rg8][%cal Ce2b2,Gh6g7]}) 24. gxf3 $16) (
22... Re4 $143 23. Qg5 Rxe2 24. Rxd7 {/\Qh6 and Qg7#} Bxf3 25. gxf3 $16) 23.
Bc4 $14) (20. e6 $1 Rxe6 21. Ng5 Rxe2+ 22. Kxe2 {I choose White, here!}) 20...
Qe7 $13 21. Bc4 (21. Bb5 {leads to an unclear position:} Red8 $1 22. Rxd7 (22.
Nd5 $2 Bxd5 23. Rxd5 Nxe5 $1 24. Rxd8+ (24. Rxe5 $2 Bxe5 25. Nxe5 (25. Qxe5
Qxe5+ 26. Nxe5 Rd5 $19) 25... Rd5 26. Qxf7+ Qxf7 27. Nxf7 Rxb5 $19) 24... Rxd8
25. O-O Nxf3+ 26. Qxf3 Bxb2 $17) 22... Rxd7 23. Bxd7 Qxd7 $44) 21... Rad8 $1 {
It was bad to grab the "Pe5" right away:} (21... Nxe5 $2 22. Nxe5 Bxe5 23.
Qxf7+ $1 Qxf7 24. Bxf7+ Kxf7 25. Rxh7+ Kf6 (25... Bg7 $143 26. Rd7+) 26. Rxb7
Bxb2 27. Rd3 $16) (21... Bxf3 $2 22. Qxf7+ $1 Qxf7 23. Bxf7+ Kxf7 24. Rxd7+ Kg8
25. gxf3 Rxe5 26. Ke2 $16) 22. e6 {I was very close to sacrifice my rook:} (22.
Rxh7 $4 {but I then figured out, that Black has a strong intermezzo:} Bxf3 $1 (
22... Kxh7 $4 23. Ng5+ Kh8 24. Nxf7+ Kh7 25. Ke2 $1 $18 {/\Rh1+}) 23. Rxg7+ $8
Kxg7 24. gxf3 Nxe5 {-/+/-+}) ({This was also very weak:} 22. Ng5 $2 Nxe5 23.
Rxd8 Rxd8 $17) 22... fxe6 23. Ng5 $2 {After this mistake, the picture suddenly
changes, and not in my favor :(} (23. Qc7 $5 $13) 23... Nf8 24. Rxd8 Rxd8 $17
25. Rxh7 $1 {White had no other worthy alternative.} Bd5 $1 {Nyback Tomi
continues a series of excellent moves.} (25... Rd4 $4 {unexpectedly loses the
game at once:} 26. Qxd4 $1 (26. Rxg7+ $5 Qxg7 27. Qb8 $16 Qe7 $140 28. Bxe6+
Kh8 29. g4 {[%csl Rd4,Rh8][%cal Gb8h2,Gb8e5]}) 26... Nxh7 27. Bxe6+ $1 Kh8 {
[%tqu "En","Find the killer move!","","","d4d8","",10,"g5f7","",0]} 28. Qd8+ $1
(28. Nf7+ $4 Qxf7 $19) 28... Bf8 (28... Qxd8 $2 29. Nf7+ Kg8 30. Nxd8+ Kf8 31.
Nxb7) 29. Qxe7 Bxe7 30. Nxh7 Kxh7 31. Bd5 $18) (25... Nxh7 $4 26. Bxe6+ Kh8 27.
Nf7+ Kg8 28. Nxd8+ Kh8 29. Qd6 $1 $18) 26. Rh4 (26. Bxd5 $6 {was hardly better:
} exd5 27. Rxg7+ (27. Rh3 $143 d4 28. Kf1 Be5 $1 (28... dxe3 $2 29. Qc4+ Ne6
30. Qxe6+ $8 (30. Nxe6 $2 Qf7 31. f4 Re8 $19) 30... Qxe6 31. Nxe6 Rd1+ 32. Ke2
exf2 33. Kxf2 Bxb2 $17) 29. Qe4 Qxg5 30. f4 Bxf4 31. gxf4 Qb5+ 32. Ke1 dxe3 $19
) 27... Kxg7 28. Kd2 d4 $17) 26... Bxb2 (26... Bxc4 $143 27. Nxc4 $140 Rd5 $1 (
27... Rd4 28. Qe3 {[%csl Ye3,Yh4][%cal Ye3g5,Yh4c4]}) 28. Rg4 $8 Rd4 29. Qf3
Rxc4 30. Rxc4 Qxg5 {-/+/=/+}) 27. Kf1 Bf6 {The bishop did his job, and
returned to the defence.} (27... Bxc4+ $5 28. Nxc4 Bf6 29. Rg4 Rd1+ 30. Ke2 Qd8
31. Nd2 Ra1 $17) 28. Rg4 Bxc4+ 29. Nxc4 e5 $2 {By this mistake Black lost all
of his advantage.} (29... Rd4 $5 30. Ne4 Bg7 31. Ne5 Qc7 $17) (29... Rd1+ $5 {
transfers to 27...Bxc4}) 30. Qe3 Qd7 {[%csl Rf1,Rg4][%cal Gd7g4,Gd7d1]} (30...
Rd1+ 31. Ke2 Qd7 32. Ne4 $1 Bg7 (32... Qxg4+ 33. f3 Qe6 34. Nxf6+ Kg7 35. Kxd1
Kxf6 36. Nd2 $11) 33. Qb3 $1 Qxg4+ $140 34. f3 Qe6 35. Kxd1 $11) 31. Qe2 Qb5 {
[%csl Gd8,Rf1][%cal Gb5b1]} 32. Ne3 (32. Kg1 $4 Qb1+ {Fish,G} 33. Kh2 $140 Rd1
$19) 32... Qb1+ (32... Qxe2+ 33. Kxe2 b5 $11) 33. Qe1 Qd3+ 34. Qe2 Qb1+ 35. Qe1
Qd3+ 36. Qe2 {I didn't have the strength to keep fighting, as we lost the
match anyway.} (36. Kg1 $5 Qxa3 37. Ne4 Bg7 38. Qb1 $44 {[%csl Rg8]}) 36...
Qb1+ 37. Qe1 1/2-1/2

[Event "New York op"]
[Site "New York"]
[Date "1998.03.22"]
[Round "9"]
[White "Gurevich, Mikhail"]
[Black "Gulko, Boris F"]
[Result "1-0"]
[WhiteElo "2635"]
[BlackElo "2585"]
[Annotator "Gurevich,M"]
[PlyCount "87"]
[EventDate "1998.03.16"]
[EventType "swiss"]
[EventRounds "9"]
[EventCountry "USA"]
[SourceTitle "CBM 064"]
[Source "ChessBase"]
[SourceDate "1998.06.02"]
[SourceVersion "1"]
[SourceVersionDate "1998.06.02"]
[SourceQuality "1"]

1. d4 {Kostakiev,D} Nf6 2. c4 e6 3. Nc3 Bb4 4. Qc2 c5 5. dxc5 O-O (5... Bxc5 {
Kostakiev,D} 6. Nf3 O-O 7. Bg5 h6 8. Bh4 Be7 9. e3 $14 {Stefansson,H-Bradbury,
N/VISA GP 1998/CBM 64_06/1-0 (64)}) 6. a3 Bxc5 7. Nf3 b6 (7... Nc6 $5 {
Kostakiev,D} 8. Bg5 Nd4 9. Nxd4 Bxd4 10. e3 Qa5 11. exd4 Qxg5 12. Qd2 Qxd2+ 13.
Kxd2 b6 14. Bd3 Bb7 15. f3 d6 16. b4 Rfd8 17. Rhb1 Bc6 18. Nd1 g6 19. Ne3 $14 {
Salov-Andersson/Reykjavik/1991}) 8. Bf4 (8. Bg5 {Kostakiev,D} Bb7 (8... Be7 9.
Rd1 Bb7 10. e4 Nc6 11. Be2 Qb8 12. O-O d6 13. Rfe1 a6 14. Bf1 Ra7 15. b4 {
1/2-1/2 Mohamed,E-Ovsejevitsch,S/Golden Cleopatra, Cairo EGY 1998}) 9. e3 (9.
e4 {inf 70/504; 71/560}) 9... Be7 10. Be2 d6 11. O-O $14 {Karason,A-Akesson,R/
VISA GP 1998/CBM 64_06/0-1 (55)}) 8... Nh5 (8... Bb7 {Kostakiev,D} 9. Rd1 {
1/2-1/2 Seirawan,Y-Kudrin,S/Lugano open 1984 (16)} (9. e3 Nc6 10. Rd1 Rc8 11.
Be2 Be7 12. O-O $1 (12. Nb5 $6 {Spragett-Fedorowicz/Philadelphia/1982/ (19)
Belov}) (12. e4 $6 {Belov} Nh5 $1 (12... Na5 $2 {Kaidanov-Ervin Nagy/
Balatonbereny/1987/ (13)}) 13. Bc1 a6 14. O-O Qc7 15. e5 g6 16. Rfe1 Rfd8 $15 {
Lautier-Larsen/Cannes/1989/}) 12... Na5 (12... d6 {Belov Ree-Hort/Wijk aan Zee/
1983/} 13. Nb5 $5 d5 14. Qa4 $16 {Hort}) 13. Nb5 {[#]} (13. Ne5 {Belov} Ba6 14.
b3 Qe8 $1 $13 {Kaidanov}) 13... Be4 $5 $146 {1-0 Maksimenko,A-Ovseevich,S/
Nikolaev zt 1993/[Belov] (34)})) 9. Bg5 (9. Bd2 {Kostakiev,D 1/2-1/2 Dietz,
H-Knoedler,D/Wuert-ch Giengen 1987/GER 01 (18)}) 9... Be7 10. Bxe7 Qxe7 11. e4
{TN} (11. e3 {Kostakiev,D 1/2-1/2 Petursson,M-Hansen,L/Munich 1989 (16)}) (11.
Rd1 {Kostakiev,D 1/2-1/2 Dreev,A-Ivanov,A/New York op 1990/EXP 16 (18)}) 11...
Bb7 12. Rd1 f5 $5 13. Bd3 (13. e5 $6 Bxf3 14. gxf3 Nc6 15. Qe2 Qc5 $17) 13...
Nf4 14. O-O a5 $5 (14... Qf6 $1 15. Ne1 (15. e5 Qg6 16. Nh4 Qg5 $19) (15. Rfe1
Qg6 $1 16. g3 (16. Bf1 fxe4 17. Nxe4 Nh3+ 18. Kh1 Bxe4 $19) 16... Qh5 $1 17.
Re3 (17. Nh4 Nh3+ 18. Kg2 Nxf2 $1 19. Be2 Ng4 $17) 17... Nh3+ 18. Kg2 f4 $17)
15... Nxd3 (15... Nc6 16. f3 (16. exf5 Nd4 17. Qd2 Nxg2 $40) 16... Ne5 $36) 16.
Qxd3 fxe4 $15) (14... Qf6 $5 $15 {Kostakiev,D}) 15. Qd2 Na6 $5 16. Bb1 fxe4 17.
Nxe4 $6 (17. Bxe4 Bxe4 18. Nxe4 d5 19. cxd5 exd5 20. Nc3 $14) 17... Nc5 18.
Rfe1 a4 $5 (18... d5 19. cxd5 Bxd5 20. Qe3 $14) 19. Qd6 Qxd6 (19... Rae8 $5 {
Kostakiev,D}) 20. Rxd6 Rab8 (20... Bc6 21. Ne5 $14) (20... Rac8 {Kostakiev,D})
21. g3 $6 (21. Ne5 Bxe4 22. Bxe4 b5 23. cxb5 (23. Nxd7 Nxd7 24. Rxd7 bxc4 25.
Rd2 Rfd8 $11) (23. g3 $14 {Kostakiev,D}) 23... Rxb5 24. Nxd7 Nxd7 25. Rxd7 Rxb2
26. Bc6 Ne2+ 27. Kf1 Nc3 28. f3 $11) 21... Nh3+ 22. Kg2 {[#]} Rxf3 $1 23. Nxc5
$5 (23. Kxf3 Ng5+ 24. Kf4 Ngxe4 25. Bxe4 e5+ $1 (25... Rf8+ 26. Ke5 Bxe4 27.
Rxe4 Nxe4 28. Kxe4 Rxf2 29. Rxb6 $11) 26. Kxe5 Bxe4 $15 (26... Nxe4 {Kostakiev,
D} 27. Rxb6 Nd2 $15)) 23... bxc5 (23... Re3+ 24. Kxh3 Rxe1 25. Nxd7 Rc8 26. Bd3
$44 (26. Nxb6 Rc6 27. Rxc6 Bxc6 28. Bc2 $13)) (23... Rxf2+ 24. Kxh3 bxc5 {
-23...bxc5}) 24. Kxh3 Rxf2 25. Rxd7 Bg2+ (25... Rxb2 26. Be4 Bxe4 27. Rxe4 $11)
26. Kh4 (26. Kg4 {Kostakiev,D} Bf3+ 27. Kg5 Rfxb2 $17) 26... Bc6 (26... Rfxb2
$5 {Kostakiev,D} 27. Bd3 Bc6 28. Rc7 Rxh2+ 29. Kg5 h6+ $19) 27. Rc7 Rxh2+ (
27... Bf3 28. h3 Rfxb2 (28... h6 29. Bg6 $14) 29. Be4 $11) 28. Kg4 Be8 (28...
Rhxb2 29. Bxh7+ Kxh7 30. Rxc6 $11) 29. Kf4 $1 (29. Rxe6 $2 Bh5+ 30. Kf4 Rf8+
31. Ke5 Re2+ 32. Be4 (32. Kd6 Rd8+ 33. Ke7 (33. Rd7 Rxd7+ 34. Kxd7 Bg4 $19)
33... Re8+ $19) 32... Bf3 33. Kd5 Rxe4 34. Rxe4 Rf5+ $19) (29. Rxc5 $142 {
Kostakiev,D} Rhxb2 $17) 29... Rhxb2 30. Be4 R2b3 (30... R8b3 31. Ke5 $1 (31.
Rxc5 Rxa3 32. Rc7 Rf2+ 33. Ke5 Rxg3 34. c5 $17) 31... Rxg3 32. Rc8 Kf7 33. Rc7+
Kg8 34. Rc8 $11) 31. Ra1 Rc3 (31... h6 $1 {Kostakiev,D} 32. Rxc5 g5+ 33. Kg4
Re3 $19) 32. Rxc5 Bd7 $6 (32... Bg6 $11) 33. Rd1 Rf8+ (33... Be8 $1 {Kostakiev,
D} 34. Rd6 Bf7 $17) 34. Ke5 Bc8 $6 $138 (34... Be8 35. Rc8 (35. Rd8 {Kostakiev,
D} Bg6 $15) 35... Rxg3 36. c5 $44) 35. Rd3 $1 $14 Rc1 (35... Rxd3 {Kostakiev,D}
36. Bxd3) 36. Re3 (36. Rc7 {Kostakiev,D} Re1 37. g4 $14) 36... Rd8 37. Rc7 Rf1
38. c5 $16 Ba6 39. c6 Bb5 40. Rb7 Ba6 41. Rd7 Re8 42. Kd6 Rd1+ 43. Kc5 Rb8 $4
$138 44. Rxd1 1-0

[Event "FRA-chT Gp-A"]
[Site "France"]
[Date "2004.04.04"]
[Round "7"]
[White "Gurevich, Mikhail"]
[Black "Georgiev, Kiril"]
[Result "1/2-1/2"]
[WhiteElo "2656"]
[BlackElo "2637"]
[Annotator "Gurevich,M"]
[PlyCount "106"]
[EventDate "2004.01.30"]
[EventType "team"]
[EventRounds "7"]
[EventCountry "FRA"]
[SourceTitle "CBM 100"]
[Source "ChessBase"]
[SourceDate "2004.06.01"]
[SourceVersion "1"]
[SourceVersionDate "2004.06.01"]
[SourceQuality "1"]
[WhiteTeam "Gonfreville"]
[BlackTeam "Mulhouse"]
[WhiteTeamCountry "FRA"]
[BlackTeamCountry "FRA"]

1. d4 Nf6 2. c4 e6 3. Nc3 Bb4 4. Qc2 c5 5. dxc5 O-O 6. a3 Bxc5 7. Nf3 b6 8. Bf4
Bb7 9. e4 Nc6 (9... Nh5 10. Bg5 Be7 11. h4 h6 12. Bd2 Nf6 13. e5 Ng4 14. Be2
Bc5 15. Rf1 Nc6 16. Qe4 f5 17. exf6 Nxf6 18. Qc2 Qe8 (18... Ng4 $5) 19. O-O-O
Rc8 20. Kb1 $36 {1-0 Harikrishna,P-Chandler,M/Catalan Bay ENG 2004/The Week in
Chess 482 (56)}) 10. O-O-O Ng4 $5 {(н/\11...f6,12...Nge5<=>)} (10... Nh5 11.
Bd6 (11. Bg5 Be7 12. h4 Nf6 13. e5 Ng4 {1/2-1/2 Touzane,O-Palac,M/Cap d'Agde
2003/EXT 2004 (13)}) 11... Bxd6 12. Rxd6 Qe7 13. Qd2 Rfd8 14. e5 f6 $132 {
0-1 Grooten,H-Mola,P/Bratto 2002/EXT 2003 (54)}) 11. e5 $6 f6 (11... Nxf2 12.
Ng5 g6 13. Nce4 Nxd1 (13... Nxh1 14. Rxd7 $16) 14. Nf6+ (14. Qxd1 Nxe5 $1 15.
Bxe5 Be3+ 16. Kb1 Bxg5 $17) 14... Kg7 15. Qxd1 Be7 $17) 12. exf6 $6 (12. Bd3 $1
Ncxe5 (12... Nxf2 13. Bxh7+ Kh8 14. exf6 $44) 13. Bxh7+ Kh8 14. Be4) 12... Qxf6
13. Bg5 Qf7 $15 14. Bd3 (14. Bh4 $142 Nce5 15. Nxe5 Nxe5 16. Bg3 Ng4 $36) 14...
Qh5 $1 $17 15. Ne4 Nd4 16. Nxd4 Bxe4 (16... Bxd4 17. h4 Nxf2 $17) 17. Bxe4
Qxg5+ 18. Kb1 Rxf2 19. Qd3 $5 (19. Bxh7+ Kh8 20. Qe4 Raf8 $19) 19... Raf8 20.
Bxh7+ Kh8 21. Qh3 Rxb2+ $6 (21... Qh6 $1 22. Qxh6 (22. Be4 Qxh3 23. gxh3 Ne3
24. Rd3 Nxc4 $19) 22... gxh6 23. Bg6 Ne3 $19) 22. Kxb2 Nf2 23. Qg3 $1 Nxd1+ 24.
Rxd1 Qxg3 25. hxg3 Kxh7 26. Nf3 $1 $17 Rf6 (26... d6 27. Ng5+ Kg6 28. Nxe6 Rf2+
29. Kb3 Kf6 (29... Rxg2 30. Nf4+) 30. Nxc5 dxc5 31. Rd7 Rxg2 32. Rxa7 Rxg3+ 33.
Ka4 $132) 27. Rxd7 Rg6 28. Rxa7 Rxg3 29. Kc2 $1 {[н/\30Kd3]} Rxg2+ 30. Kd3 Rg3
31. Ke4 Kh6 32. Ra8 (32. a4 $5 {н/\33a5}) 32... Kg6 33. a4 Kf6 34. a5 Rg4+ 35.
Kd3 e5 36. Nd2 (36. Re8 $1 bxa5 37. Rxe5 Bb4 38. Rb5 $132) 36... Rd4+ 37. Kc3
bxa5 38. Rxa5 Rxd2 39. Rxc5 Rd8 40. Rc6+ $1 Kf5 41. Rc7 $15 g5 42. c5 g4 43.
Rf7+ $1 Kg6 44. Rf1 Kg5 45. Rf7 $1 $11 Rg8 (45... g3 46. Rg7+ Kf4 47. Rf7+ Ke3
48. Rg7 Kf2 49. Rf7+ Kg1 50. Re7 $11) 46. Kd3 Rc8 47. Kc4 Rg8 48. Kd3 g3 49.
Ke2 $11 Kh4 50. Kf3 e4+ 51. Kg2 Kg4 52. c6 Ra8 53. Rg7+ Kf4 1/2-1/2